000 01852cam a2200553 4500
999 _c23213
_d23213
001 vtls011834190
005 20220427111128.0
008 190115s2018 xo o grn 010 0dslo
020 _a9788097276928
_q(brožované)
040 _aMIZKGZ
_bslo
_cMIZKGZ
_dSNK
_erda
041 0 _aslo
044 _axo
_cSK
072 7 _a316.4/.7
_xSociálne interakcie
_2konspekt
080 _a316.472.4
_22011
080 _a82-96
_22011
080 _a2-186
_22011
080 _a004.738.5:316.472.4
_22011
080 _a17.022.1
_22011
080 _a(0:82-4)
_22011
100 1 _aHrábek, Tomáš,
_d1990-
_4aut
_4pht
_92912
245 1 0 _aSmrť na Facebooku
_cTomáš Hrábek
250 _aPrvé vydanie
264 1 _a[Bratislava]
_bAkamedia
_c2018
300 _a191 strán
_bfotografie
_c19 cm
336 _atext
_btxt
_2rdacontent
337 _abez média
_bn
_2rdamedia
338 _azväzok
_bnc
_2rdacarrier
490 1 _aPod lupou
_vprvý zväzok
500 _aMiesto vydania podľa NA ISBN
500 _aObsahuje biografické údaje o autorovi na záložke knihy
650 0 7 _asociálne siete
_2SNKPH
_92913
650 0 7 _aFacebook (sociálna sieť)
_2SNKPH
_92914
650 0 7 _aodborná literatúra
_2SNKPH
_92915
650 0 7 _azosnulí
_2SNKPH
_92916
650 0 7 _aDead
_2SNKPHeng
_92917
650 0 7 _aFacebook (electronic resource)
_2SNKPHeng
_92918
650 0 7 _aProfessional literature
_2SNKPHeng
_92919
650 0 7 _aSocial networks
_2SNKPHeng
_92920
650 0 7 _amorálne hodnoty
_2SNKPH
_92921
650 0 7 _aMoral values
_2SNKPHeng
_92922
655 7 _aúvahy
_2SNKPH
_91703
655 7 _aEssays
_2SNKPHeng
_91704
700 1 _aLuprich, Andrej
_4pht
_92923
700 1 _aČerveňanský, Martin
_4pht
_92924
700 1 _aStringer, Peter
_4pht
_92925
958 _aNB
958 _aSP